000 00288nam a22001337a 4500
008 180912b xxu||||| |||| 00| 0 eng d
020 _a9780321701787
041 _aeng
080 _a370
100 _a45
101 _aEDU
245 _aClassroom In A book
_cJames.p
942 _2udc
_cBK
999 _c47700
_d47700